000
00312nam a22001217a 4500
041
_a
ENG
100
_a
Greenlaw.R
245
_a
In Line/ On-Line Fundamentals Of The Internet And The World Wide Web
260
_a
Pune
_b
Tata McGrae -Hill
_c
1998
300
_a
549
650
_a
Competitive Exam
856
_u
Computer
999
_c
701
_d
701